La dialéctica de las alternativas /
Đã lưu trong:
| Tác giả chính: | |
|---|---|
| Định dạng: | Texto |
| Những chủ đề: | |
| Các nhãn: |
Thêm thẻ
Không có thẻ, Là người đầu tiên thẻ bản ghi này!
|
MARC
| LEADER | 00000 a a2200000 04500 | ||
|---|---|---|---|
| 001 | 2610 | ||
| 003 | |||
| 040 | |||
| 100 | |a González Casanova, Pablo | ||
| 245 | |a La dialéctica de las alternativas / |c Pablo González Casanova | ||
| 650 | |a SOCIALISMO | ||
| 650 | |a DEMOCRACIA | ||
| 650 | |a CAPITALISMO | ||
| 650 | |a MOVIMIENTOS SOCIALES | ||
| 650 | |a TERMINOLOGIA | ||
| 773 | |g número 226; páginas 3-14 | ||
| 999 | |c 20916 |d 20916 | ||
